| 000 | 00649nam a2200217 a 4500 | ||
|---|---|---|---|
| 001 | 000023418 | ||
| 005 | 20240514073717.0 | ||
| 008 | 101207s1986 sp r 000 0 spa d | ||
| 020 | _a8472222608 | ||
| 040 |
_aDO-SdBNP _bspa _cBNPHU |
||
| 082 |
_a170.44 _bA641e |
||
| 100 | 1 |
_aApel, Karl-Otto, _d1922- _948253 |
|
| 245 | 1 | 0 |
_aEstudios éticos / _cKarl Otto Apel. |
| 260 |
_aBarcelona : _bEditorial Alfa, _c1986. |
||
| 300 |
_a219, [2] p. ; _c20 cm. |
||
| 490 | 1 | _aEstudios alemanes | |
| 500 | _aIncluye referencias bibliográficas y notas al pie de las páginas | ||
| 650 | 0 |
_aÉtica _9509 |
|
| 830 | 0 |
_aEstudios alemanes _948254 |
|
| 049 | _aBNGR | ||
| 999 |
_c22915 _d22915 |
||